Android Programowanie aplikacji. Rusz głową! Wydanie II

Od poprzedniego wydania tej książki minęło parę lat, a kariera Androida wciąż jest dynamiczna! Kompleksowość, otwarty kod źródłowy, modułowa architektura, znakomita elastyczność - to wszystko sprawia, że lawinowo rośnie rzesza ludzi, którzy wybierają właśnie tę platformę. Liczbę urządzeń pracujących...

Full description

Bibliographic Details
Main Author: Griffiths, David
Other Authors: Griffiths, Dawn
Format: eBook
Language:Undetermined
Polish
Published: [S.l.] : Helion, 2018.
Online Access:Connect to the full text of this electronic book

MARC

Tag First Indicator Second Indicator Subfields
LEADER 00000cam a2200000Mu 4500
001 in00004669331
006 m o d
007 cr n |||
008 201010s2018 xx o ||| 0 und d
005 20230425121733.9
035 |a (OCoLC)on1202542699 
040 |a VT2  |b eng  |c VT2  |d TOH  |d DST  |d OCLCQ 
019 |a 1300557226  |a 1303314308 
020 |a 9788328340794 
020 |a 8328340798 
035 |a (OCoLC)1202542699  |z (OCoLC)1300557226  |z (OCoLC)1303314308 
041 |a pol 
049 |a TXAM 
100 1 |a Griffiths, David. 
245 1 0 |a Android Programowanie aplikacji. Rusz głową! Wydanie II  |c David Griffiths. 
260 |a [S.l.] :  |b Helion,  |c 2018. 
300 |a 1 online resource 
336 |a text  |b txt  |2 rdacontent 
337 |a computer  |b c  |2 rdamedia 
338 |a online resource  |b cr  |2 rdacarrier 
347 |a text file 
500 |a Title from content provider. 
520 |a Od poprzedniego wydania tej książki minęło parę lat, a kariera Androida wciąż jest dynamiczna! Kompleksowość, otwarty kod źródłowy, modułowa architektura, znakomita elastyczność - to wszystko sprawia, że lawinowo rośnie rzesza ludzi, którzy wybierają właśnie tę platformę. Liczbę urządzeń pracujących pod kontrolą Androida podaje się w miliardach, a najpewniej będzie ich o wiele więcej. To nie tylko telefony, komputery czy tablety, ale także telewizory, inteligentne lodówki czy pralki, a nawet sztuczne satelity. Umiejętność efektywnego programowania dla Androida i dobry pomysł na świetną aplikację skazują dewelopera na nieunikniony sukces! Sięgnij po ten nietypowy podręcznik! Możesz uznać jego formę i sposób przekazywania treści za dziwny, ale prędko przekonasz się, że jest wyjątkowo skuteczny. Twój mózg się zaangażuje i błyskawicznie przyswoi sobie techniki programowania dla Androida. A to wszystko dzięki nowatorskiemu podejściu autorów, którzy uznali, że najszybciej uczymy się wtedy, gdy uwzględnimy specyfikę działania własnego mózgu! Dowiesz się, jak przygotować sobie warsztat pracy, czyli Android Studio. Od razu zaprojektujesz strukturę aplikacji i zbudujesz dobry interfejs. Będziesz swobodnie posługiwał się aktywnościami, intencjami, usługami. Poznasz narzędzia Gradle, ART i ADB, dowiesz się, jak wykorzystywać bazy danych SQLite. A potem będzie jeszcze ciekawiej... W tej książce między innymi: zasady tworzenia aplikacji interaktywnych istotne koncepcje, w tym: aktywności, intencje, usługi, układy i fragmenty biblioteki wsparcia, zadania asynchroniczne bazy danych i kursory uprawnienia i zarządzanie uprawnieniami Neurony płoną. Emocje szaleją. Oto powstaje apka dla Androida! 
700 1 |a Griffiths, Dawn. 
776 0 |z 83-283-4079-8 
856 4 0 |u https://go.oreilly.com/TAMU/library/view/-/9788328340794/?ar  |z Connect to the full text of this electronic book  |t 0 
955 |a Safari/O'Reilly ebooks 
994 |a 92  |b TXA 
999 f f |s ffed6b5c-8242-45ec-913e-79b82847c8ec  |i f902422c-2b62-4e3d-9a70-c33c5a7b0682  |t 0 
952 f f |a Texas A&M University  |b College Station  |c Electronic Resources  |s www_evans  |d Available Online  |t 0  |h Library of Congress classification 
998 f f |t 0  |l Available Online